|
|
|
|
| LEADER |
00000cab a2200000 a 4500 |
| 001 |
044514 |
| 003 |
UAHC_CL |
| 005 |
20180827121752.0 |
| 008 |
270818s2008 cl 000 spa |
| 952 |
|
|
|0 0
|1 0
|2 ddc
|4 0
|6 RECURSO_ELECTRONICO
|7 0
|8 BAS
|9 94480
|a BC
|b BC
|c Digital
|d 2021-03-18
|l 0
|o RECURSO ELECTRONICO
|r 2021-03-18 00:00:00
|w 2021-03-18
|y REVA
|A 61
|B ANT
|
| 999 |
|
|
|c 51058
|d 51058
|
| 040 |
|
|
|a UAHC_CL
|c UAHC_CL
|d UAHC_CL
|
| 100 |
|
|
|a Gundermann Kroll, Hans
|9 4369
|
| 245 |
1 |
0 |
|a Pautas de integración regional, migración, movilidad y redes sociales en los pueblos indígenas de Chile
|c Hans Gundermann Kröll, Héctor González Cortéz.
|
| 260 |
|
|
|c 2008
|
| 500 |
|
|
|a En: Universum (2005), 23(1), 82-115. ISSN: 0718-2376. Sitio visitado (https://scielo.conicyt.cl/scielo.php?script=sci_arttext&pid=S0718-23762008000100006) el 23 de agosto de 2018.
|
| 520 |
|
|
|a Se analiza en el presente trabajo la importancia de las relaciones que en tres pueblos indígenas de Chile sostienen los integrantes rurales y urbanos de comunidades, como consecuencia de las migraciones y el aumento de la movilidad espacial que provoca una más activa participación en mercados de fuerza de trabajo y economías regionales. La vigencia e importancia de esas redes sociales permite definirlas como de translocalización. Se describen y contextualizan esas relaciones estableciendo las pautas de integración regional que los pueblos indígenas han construido en la época moderna. Además de la revisión de los antecedentes publicados, se presenta información empírica proveniente del estudio de tres comunidades indígenas, una aymara, otra atacameña, ambas en el extremo norte del país, y una tercera mapuche de la Araucanía.
|
| 526 |
|
|
|a Etnología II.
|
| 650 |
|
0 |
|9 2011
|a Pueblos indígenas
|
| 650 |
|
0 |
|9 4624
|a Integración regional
|
| 700 |
|
|
|9 4621
|a González Cortéz, Héctor
|
| 856 |
|
|
|u https://scielo.conicyt.cl/scielo.php?script=sci_arttext&pid=S0718-23762008000100006
|y Sólo disponible en línea.
|
| 942 |
|
|
|c REVA
|2 ddc
|